Biggest towns of East Ayrshire - Statistics

General Stats
  • This quiz has been taken 58 times
  • The average score is 6 of 10
Answer Stats
Population Town % Correct
47,040 Kilmarnock
100%
8.830 Cumnock
71%
4,670 Galston
68%
3,930 Darvel
59%
2,800 Kilmaurs
59%
7.780 Stewarton
59%
3,870 Mauchline
53%
3,620 Auchinleck
41%
4,370 Hurlford
35%
3,020 Drongan
18%
No matching quizzes found
Score Distribution
Percent of People with Each Score
Percentile by Number Answered
Your Score History
You have not taken this quiz